| Поле | Название | Значение |
| |
Тип записи |
a |
| |
Библиографический уровень |
a |
| 001 |
Контрольный номер |
RU/CBS_UL/BASE/d093b162c0cb4957aa6f7da477136a26 |
| 005 |
Дата корректировки |
20250119182018.3 |
| 100 |
Данные общей обработки |
__ |
| a |
Данные общей обработки |
20250119 ||| 0rusy0189 ca |
| 101 |
Язык документа |
0_ |
| a |
Язык текста |
rus |
| 102 |
Страна публикации |
__ |
| a |
Страна публикации |
RU |
| 200 |
Заглавие и сведения об ответственности |
1_ |
| a |
Заглавие |
Дело первого в СССР серийного убийцы |
| e |
Сведения, относящиеся к заглавию |
[о деятельности Кабинета по исследованию личности преступника и преступности в Москве] |
| f |
Первые сведения об ответственности |
Д. Голубев |
| 300 |
Общие примечания |
__ |
| a |
Общие примечания |
16+ |
| 320 |
Библиография |
__ |
| a |
Библиография |
Библиогр.: с. 133 |
| 461 |
Уровень набора |
_0 |
| 1 |
|
2000 |
| a |
|
Родина |
| 463 |
Уровень физической единицы |
_0 |
| 1 |
|
2000 |
| a |
|
№ 7 |
| v |
|
С. 130-133 : фот., ил. |
| 1 |
|
2101 |
| d |
|
2023 |
| 1 |
|
001RU/CBS_UL/BASE/1975d1c0b2dc4530adb5657401d9b779 |
| 600 |
Персоналии |
_1 |
| a |
Персоналии (Фамилия) |
Петров-Комаров |
| b |
Персоналии (Имя, инициалы) |
В.И. |
| 600 |
Персоналии |
_1 |
| a |
Персоналии (Фамилия) |
Петрова-Комарова |
| b |
Персоналии (Имя, инициалы) |
С. |
| 606 |
Тематические рубрики |
0_ |
| a |
Основная рубрика |
Криминалистика - История - СССР, 1920-1930-е гг. |
| 610 |
Ключевые слова |
0_ |
| a |
Ключевые слова |
серийные убийцы |
| 610 |
Ключевые слова |
0_ |
| a |
Ключевые слова |
личности преступников |
| 610 |
Ключевые слова |
0_ |
| a |
Ключевые слова |
преступный мир |
| 610 |
Ключевые слова |
0_ |
| a |
Ключевые слова |
убийства |
| 610 |
Ключевые слова |
0_ |
| a |
Ключевые слова |
криминалисты |
| 610 |
Ключевые слова |
0_ |
| a |
Ключевые слова |
медицинские обследования |
| 610 |
Ключевые слова |
0_ |
| a |
Ключевые слова |
криминология |
| 610 |
Ключевые слова |
0_ |
| a |
Ключевые слова |
история СССР |
| 610 |
Ключевые слова |
0_ |
| a |
Ключевые слова |
кабинет по изучению личности преступника и преступности |
| 610 |
Ключевые слова |
0_ |
| a |
Ключевые слова |
девиантное поведение |
| 686 |
Индексы других классификаций |
__ |
| 2 |
Код системы |
rubbk |
| a |
Классификационный индекс |
67.52 |
| 700 |
Автор |
_1 |
| a |
Фамилия |
Голубев |
| b |
Имя (инициалы) |
Д. |
| 801 |
Источник записи |
_0 |
| a |
Страна |
RU |
| b |
Организация |
МБУК ЦБС г. Ульяновска |
| c |
Дата составления |
20250119 |
| g |
Правила каталогизации |
RCR |
| 801 |
Источник записи |
_1 |
| a |
Страна |
RU |
| b |
Организация |
МБУК ЦБС г. Ульяновска |
| c |
Дата составления |
20250119 |
| g |
Правила каталогизации |
RCR |
| 901 |
Тип документа |
__ |
| t |
Тип документа |
b |
| w |
Контрольный № источника |
RU/CBS_UL/BASE/1975d1c0b2dc4530adb5657401d9b779 |
| 909 |
Создатель записи |
__ |
| a |
Создатель записи |
lib1 |